Cognition : (Record no. 4715)
[ view plain ]
| 000 -LEADER | |
|---|---|
| fixed length control field | 00601nam a22002052 4500 |
| 001 - CONTROL NUMBER | |
| control field | 0000000076 |
| 005 - DATE AND TIME OF LATEST TRANSACTION | |
| control field | 20151217151743.0 |
| 008 - FIXED-LENGTH DATA ELEMENTS--GENERAL INFORMATION | |
| fixed length control field | 070109s xx 000 0 eng d |
| 020 ## - INTERNATIONAL STANDARD BOOK NUMBER | |
| International Standard Book Number | 039397622X : |
| Terms of availability | KES 4,350 |
| 040 ## - CATALOGING SOURCE | |
| Original cataloging agency | KABU |
| Transcribing agency | KABU |
| 100 1# - MAIN ENTRY--PERSONAL NAME | |
| Personal name | Reisberg, Daniel. |
| -- | 0000148038 |
| 245 10 - TITLE STATEMENT | |
| Title | Cognition : |
| Remainder of title | exploring the science of the mind / |
| Statement of responsibility, etc. | Daniel Reisberg. |
| 250 ## - EDITION STATEMENT | |
| Edition statement | 2nd ed. |
| 260 ## - PUBLICATION, DISTRIBUTION, ETC. (IMPRINT) | |
| Place of publication, distribution, etc. | London : |
| Name of publisher, distributor, etc. | W.W. Norton, |
| Date of publication, distribution, etc. | 2001. |
| 300 ## - PHYSICAL DESCRIPTION | |
| Extent | xii, 502 [93] p. |
| 650 #0 - SUBJECT ADDED ENTRY--TOPICAL TERM | |
| Topical term or geographic name as entry element | Cognition. |
| -- | 0000016422 |
| 908 ## - PUT COMMAND PARAMETER (RLIN) | |
| Put command parameter | 070109 |
| 950 ## - LOCAL HOLDINGS (RLIN) | |
| -- | 1 |
| Withdrawn status | Lost status | Source of classification or shelving scheme | Not for loan | Home library | Current library | Date acquired | Total Checkouts | Full call number | Barcode | Date last seen | Price effective from | Koha item type | Cost, normal purchase price | Total Renewals | Date last checked out |
|---|---|---|---|---|---|---|---|---|---|---|---|---|---|---|---|
| Library of Congress Classification | Kabarak, Main Campus | Kabarak, Main Campus | 17/12/2015 | BF201 .R45 2001 c.1 | 000483 | 02/08/2024 | 17/12/2015 | General Collection | |||||||
| Library of Congress Classification | Kabarak, Main Campus | Kabarak, Main Campus | 31/05/2018 | BF201 .R45 2001 c.2 | 025244 | 02/08/2024 | 31/05/2018 | General Collection | 4500.00 | ||||||
| Library of Congress Classification | Kabarak, Main Campus | Kabarak, Main Campus | 31/05/2018 | 1 | BF201 .R45 2001 c.3 | 025243 | 20/01/2026 | 31/05/2018 | General Collection | 4500.00 | 1 | 08/12/2025 | |||
| Library of Congress Classification | Kabarak, Main Campus | Kabarak, Main Campus | 31/05/2018 | 1 | BF201 .R45 2001 c.4 | 025159 | 02/08/2024 | 31/05/2018 | General Collection | 4500.00 | 1 | 07/05/2019 | |||
| Library of Congress Classification | Kabarak, Nakuru City Campus | Kabarak, Nakuru City Campus | 31/05/2018 | 1 | BF201 .R45 2001 c.1 | 025160 | 05/03/2021 | 31/05/2018 | General Collection | 4500.00 | 05/03/2021 | ||||
| Library of Congress Classification | Kabarak, Nakuru City Campus | Kabarak, Nakuru City Campus | 31/05/2018 | BF201 .R45 2001 c.2 | 025161 | 31/05/2018 | 31/05/2018 | General Collection | 4500.00 |